| 000 | 02290nam a2200373 i 4500 | ||
|---|---|---|---|
| 001 | 60739 | ||
| 003 | CO-BoRNBP | ||
| 005 | 20260317194616.0 | ||
| 007 | ta | ||
| 008 | 221102r20221996sp a 0 br 0 sf spa d | ||
| 020 | _a9788420744032 | ||
| 040 |
_aCO-BoRNBP _bspa _erda _cCO-BoRNBP |
||
| 041 | 0 | _aspa | |
| 043 | _as-ck--- | ||
| 084 | _aN | ||
| 100 | 1 |
_aDíaz, Gloria Cecilia, _d1951- , _eaut _946089 |
|
| 245 | 1 | 0 |
_aÓyeme con los ojos / _cGloria Cecilia Díaz ; ilustraciones de Chata Lucini. |
| 250 |
_aPrimera edición. _bCuadragésima segunda reimpresión |
||
| 264 | 1 |
_aMadrid, España : _bGrupo Anaya Editorial, _c1996, _c2022. |
|
| 300 |
_a83 páginas : _bilustraciones en blanco y negro ; _c20 cm. |
||
| 336 |
_atexto _btxt _2rdacontent |
||
| 337 |
_asin mediación _bn _2rdamedia |
||
| 338 |
_avolumen _bnc _2rdacarrier |
||
| 490 | 0 |
_aSopa de libros _v54 |
|
| 500 | _aEl material correspondiente a la dotación PNLB 2022, corresponde a la cuadragésimo segunda reimpresión de 2022, de la primera edición de 1996. | ||
| 520 | 3 | _aHoracio es un niño sordo, por una enfermedad que tuvo cuando era pequeño: no puede oír, pero oye con los ojos; y puede hablar con su voz «oxidada» o «cautiva», o con las manos en el lenguaje de los sordos. Vive con sus padres y sus hermanos en un barrio de Bogotá llamado El Jardín del Príncipe, en el que hay una casa diferente a las demás. Como es muy curioso, se dedica a espiar la casa, y un día decide entrar. Mientras admira ciertos objetos, es descubierto por la dueña. A Horacio le parece que Beatriz, la dueña, tiene miedo de él. Beatriz no acepta los defectos de los demás (Diana, una ahijada suya, también es sorda). Beatriz tiene un accidente de coche y se queda impedida. Ahora ella también necesita ayuda, y tiene que contratar a una persona, Ofelia, de quien Horacio no tarda en hacerse amigo. (Tomado de la fuente). | |
| 521 | 1 | _aRecomendado para un público infantil mayor de 8 años. | |
| 650 | 1 | 7 |
_aNovela infantil colombiana _ySiglo XX _2rnbp _9365 |
| 650 | 1 | 7 |
_aLiteratura infantil colombiana _ySiglo XX _2rnbp _9364 |
| 650 | 1 | 7 |
_aSordomudos en la literatura _vNovela _2rnbp _969488 |
| 650 | 1 | 7 |
_aNiños en la literatura _2rnbp _vNovela _969489 |
| 700 | 1 |
_aLucini, Chata, _eill _962646 |
|
| 942 |
_2loc _cBKLITI _n0 |
||
| 999 |
_c60739 _d60739 |
||